| 000 | 00592nam a2200193 4500 | ||
|---|---|---|---|
| 008 | 030721s1987 us 0 eng | ||
| 020 | _a0913573434 | ||
| 090 |
_aBS2585.2 _bM31s |
||
| 100 | 1 | _aMansfield, M. Robert | |
| 245 | 1 | 0 |
_a"Spirit and gospel" in Mark / _cM. Robert Mansfield. |
| 260 |
_aMassachusetts : _bHendrickson, _cc1987. |
||
| 300 | _ax, 191 p. | ||
| 504 | _aBiblio: pp. 170-179 | ||
| 650 | 4 |
_aBible. N.T. Mark _xCommentaries. |
|
| 650 | 4 | _aHoly Spirit. | |
| 650 | 4 | _aSpirit. | |
| 951 |
_p14255 _x00004800 _oBS2585.2/M31s _j070613111253312 _d2000-12-21 _cGC |
||
| 999 |
_c15920 _d15920 |
||